Kürt uygarlığında Alevilik/ (Record no. 12669)

MARC details
000 -BAŞLIK
Sabit Uzunlukta Kontrol Alanı 00601nam a22002177a 4500
999 ## - SİSTEM KONTROL NUMARALARI (KOHA)
Koha Biblionumber 12669
Koha Biblioitemnumber 12669
003 - KONTROL NUMARASI IDENTIFIER
Denetim Alanı MIRAKIL
005 - SON İŞLEM TARİHİ VE ZAMANI
Denetim Alanı 20190205104459.0
008 - SABİT-BOY VERİ ELEMANLARI - GENEL BİLGİLER
Sabit Uzunlukta Kontrol Alanı 190205b tu ||||| |||| 00| 0 tur d
040 ## - KATALOGLAMA KAYNAK
Orijinal Kataloglama Ajansı TR-AnCHP
Metne Dönüştürmek Ajansı TR-AnCHP
041 ## - DİL KODU
Metin / Ses Parça Veya Ayrı Başlığın Dil Kodu tur
082 ## - DEWEY ONLU SINIFLANDIRMA NUMARASI
Sınıflandırma Numarası 297.82
Ürün Numarası B35k 1993
100 ## - ANA GİRİŞ - KİŞİSEL İSİM
Kişisel Ad Bender, Cemşid
245 10 - BAŞLIK TABLOSU
Başlık Kürt uygarlığında Alevilik/
Sorumluluk Tablosu, Vb Cemşid Bender.
250 ## - EDITION TABLOSU
Baskı Beyanı 2.bs.
260 ## - YAYIN, DAĞITIM, VB
Yayın, Dağıtım, Vb Yeri İstanbul:
Yayıncı, Dağıtıcı, Vs Adı Kaynak yayınları;
Yayın, Dağıtım, Vb Tarihi 1993.
300 ## - FİZİKSEL TANIM
Kapsam 416 s.:
Boyutlar 20 sm.
490 0# - SERİSİ TABLOSU
Seri Beyanı Kaynak yayınları:
Hacim / Ardışık Tanımı 99.
504 ## - KAYNAKÇA VB NOT
Kaynakça Vb Notu Kaynakça vardır.
650 #0 - KONU KATMA GİRİŞ - TOPİKAL DÖNEM
9 (RLIN) 5116
Topikal Süreli Veya Coğrafi Ad Giriş Elemanı Kürtler
Genel Alt Bölümü Alevilik
Kronolojik Alt Bölümü Tarih
942 ## - EKLENDİ GİRİŞ ELEMANLARI (KOHA)
Sınıflandırma Veya Raf Düzeni Kaynak Dewey Decimal Classification
Koha Öğesi Türü Books
Holdings
Kalıcı Konum Mevcut Konum Edinme Tarihi Edinim Kaynak Toplam Check-Out'Lar Tam Çağrı Numarası Barkod Tarih Son Görülme İtibaren Geçerli Fiyatlar Sigara Kamu Notu Koha Öğesi Türü
CHP Kütüphanesi CHP Kütüphanesi 02/05/2019 Bağış   297.82 B35k 1993 018777 02/05/2019 02/05/2019 Ertuğrul Çepni bağışıdır. Books